书目信息 |
| 题名: |
数学物理方法
|
|
| 作者: | 吴崇试 , 高春媛 编著 | |
| 分册: | ||
| 出版信息: | 北京 北京大学出版社 2019.05 |
|
| 页数: | 398页 | |
| 开本: | 23cm | |
| 丛书名: | ||
| 单 册: | ||
| 中图分类: | O411.1 | |
| 科图分类: | ||
| 主题词: | 数学物理方法--shu xue wu li fang fa--高等教育--教材 | |
| 电子资源: | ||
| ISBN: | 978-7-301-30280-4 | |
| 000 | 01025nam0 2200277 450 | |
| 001 | 0106081731 | |
| 005 | 20201109081537.00 | |
| 010 | @a978-7-301-30280-4@dCNY68.00 | |
| 100 | @a20190808d2019 em y0chiy50 ea | |
| 101 | 0 | @achi |
| 102 | @aCN@b110000 | |
| 105 | @ay z 001yy | |
| 106 | @ar | |
| 200 | 1 | @a数学物理方法@Ashu xue wu li fang fa@dMethods of mathematical physics@f吴崇试, 高春媛编著@zeng |
| 205 | @a3版 | |
| 210 | @a北京@c北京大学出版社@d2019.05 | |
| 215 | @a398页@d23cm | |
| 300 | @a普通高等教育“十五”国家级规划教材21世纪物理规划教材基础课系列 | |
| 330 | @a本书分二十一章,内容包括:复数和复变函数、解析函数、复变积分、无穷级数、留数定理及其应用、数学物理方程和定解条件、柱函数、分离变量法总结等。 | |
| 510 | 1 | @aMethods of mathematical physics@zeng |
| 606 | 0 | @a数学物理方法@Ashu xue wu li fang fa@x高等教育@j教材 |
| 690 | @aO411.1@v5 | |
| 701 | 0 | @a吴崇试@Awu chong shi@4编著 |
| 701 | 0 | @a高春媛@Agao chun yuan@4编著 |
| 801 | 0 | @aCN@bBJSZM@c20201106 |
| 905 | @b1190136-9@dO411.1@e101=3@f4 | |
| 数学物理方法=Methods of mathematical physics/吴崇试, 高春媛编著.-3版.-北京:北京大学出版社,2019.05 |
| 398页;23cm |
| 普通高等教育“十五”国家级规划教材21世纪物理规划教材基础课系列 |
| ISBN 978-7-301-30280-4:CNY68.00 |
| 本书分二十一章,内容包括:复数和复变函数、解析函数、复变积分、无穷级数、留数定理及其应用、数学物理方程和定解条件、柱函数、分离变量法总结等。 |
| ● |
| 相关链接 |
|
|
|
|
正题名:数学物理方法
索取号:O411.1/101=3
 
预约/预借
| 序号 | 登录号 | 条形码 | 馆藏地/架位号 | 状态 | 备注 |
| 1 | 1190136 | 211901361 | 第二样本阅览室/ [索取号:O411.1/101=3] | 在馆 | |
| 2 | 1190137 | 211901370 | 第三借阅区/ [索取号:O411.1/101=3] | 在馆 | |
| 3 | 1190138 | 211901389 | 第三借阅区/ [索取号:O411.1/101=3] | 在馆 | |
| 4 | 1190139 | 211901398 | 第三借阅区/ [索取号:O411.1/101=3] | 在馆 |